Comparing welfare states: towards a gender friendly approach /
שמור ב:
| מחבר ראשי: | |
|---|---|
| פורמט: | Texto |
| תגים: |
הוספת תג
אין תגיות, היה/י הראשונ/ה לתייג את הרשומה!
|
MARC
| LEADER | 00000 a a2200000 04500 | ||
|---|---|---|---|
| 001 | 44744 | ||
| 003 | |||
| 040 | |||
| 100 | |a Daly, Mary | ||
| 245 | |a Comparing welfare states: |b towards a gender friendly approach / |c Mary Daly | ||
| 773 | |g páginas 101-117 | ||
| 999 | |c 20795 |d 20795 | ||
